Managers as mentors : building partnerships for learning.
| Main Author: | |
|---|---|
| Other Authors: | |
| Format: | Book |
| Edition: | 3rd ed. |
| Subjects: |
| LEADER | 00551cam a2200193 7i4500 | ||
|---|---|---|---|
| 001 | 0000030555 | ||
| 005 | 20140128090000.0 | ||
| 020 | 0 | 0 | |a 9781609947101 |
| 090 | 0 | 0 | |a B 658.3124 |b BEL |
| 100 | 1 | 0 | |a Bell |
| 245 | 1 | 0 | |a Managers as mentors : |b building partnerships for learning. |
| 250 | 0 | 0 | |a 3rd ed. |
| 300 | # | # | |a 237 p. |
| 650 | 0 | 0 | |a Executives |
| 650 | 0 | 0 | |a Mentoring in business |
| 650 | 0 | 0 | |a Employees -- |x Training of |
| 650 | 0 | 0 | |a Employees -- |x Counseling of |
| 700 | 1 | 0 | |a Goldsmith, |h Marshall |
| 999 | |a B000033788 |b Book |c Book |e Business Information Centre | ||


